书目信息 |
| 题名: |
恩波智业
|
|
| 作者: | 王力 著 | |
| 分册: | 第一卷 | |
| 出版信息: | 北京 北京大学出版社 1995 |
|
| 页数: | 472页 | |
| 开本: | 20cm | |
| 丛书名: | ||
| 单 册: | ||
| 中图分类: | C931.5 | |
| 科图分类: | 29.154 | |
| 主题词: | 决策-咨询--研究 , 咨询-决策--研究 | |
| 电子资源: | ||
| ISBN: | 7-301-02764-8 | |
| 000 | 00764nam0 2200253 45 | |
| 001 | 0195030627 | |
| 005 | 20070721083810.32 | |
| 010 | @a7-301-02764-8@dCNY15.00 | |
| 100 | @a19950601d1995 em y0chiy0121 ea | |
| 101 | 0 | @achi |
| 102 | @aCN@b110000 | |
| 105 | @ay z 000yy | |
| 200 | 10 | @a恩波智业@AEN BO ZHI YE@e敢对自己说我@EGAN DUI ZI JI SHUO WO@h第一卷@f王 力著@FWANG LI ZHU |
| 210 | @a北京@c北京大学出版社@d1995 | |
| 215 | @a472页@d20cm | |
| 314 | @a王 力,字恩波,恩波智业研究所所长,北京大学经济学院客座教授 | |
| 517 | 1 | @a敢对自己说我@AGAN DUI ZI JI SHUO WO |
| 606 | @a决策-咨询@x研究 | |
| 606 | @a咨询-决策@x研究 | |
| 690 | @aC931.5 | |
| 692 | @a29.154 | |
| 701 | 0 | @a王力@AWANG LI@4著 |
| 801 | 0 | @aCN@bTSSF@c20070721 |
| 905 | @a10447@dC931.5@e361:1 | |
| 恩波智业:敢对自己说我.第一卷/王 力著.-北京:北京大学出版社,1995 |
| 472页;20cm |
| ISBN 7-301-02764-8:CNY15.00 |
| ● |
| 相关链接 |
|
|
|
|
正题名:恩波智业
索取号:C931.5/361:1
 
预约/预借
| 序号 | 登录号 | 条形码 | 馆藏地/架位号 | 状态 | 备注 |
| 1 | 0768015 | 207680151 | 第一样本阅览室/ [索取号:C931.5/361:1] | 在馆 |